| 000 | 00682nam a2200229 u 4500 | ||
|---|---|---|---|
| 005 | 20210223132509.0 | ||
| 008 | 141021s2008 r 000 0 eng d | ||
| 020 | _a9781432905156 | ||
| 035 | _aUPN01000200439 | ||
| 049 | _aI | ||
| 050 | 4 |
_aQH541.5 P7 _bM3.6 |
|
| 100 | 1 |
_aMayer, Cassie _932877 |
|
| 245 | 1 | 0 |
_aPradera / _cCassie Mayer. |
| 260 |
_aIllinois, EUA : _bHeinemann, _c2008. |
||
| 300 |
_a24 p. : _bprincipalmente il. col. |
||
| 440 | 0 |
_aViviente y no viviente. _pBellota |
|
| 534 |
_pTÃtulo original: _tPrairie |
||
| 650 | 4 |
_aPRADERAS - _vLITERATURA INFANTIL _923573 |
|
| 650 | 4 |
_aECOLOGIA - _vLITERATURA INFANTIL _923452 |
|
| 905 | _aInfantil | ||
| 999 |
_c172540 _d172540 |
||